<?xml version="1.0" encoding="UTF-8"?>
<record
    xmlns:xsi="http://www.w3.org/2001/XMLSchema-instance"
    xsi:schemaLocation="http://www.loc.gov/MARC21/slim http://www.loc.gov/standards/marcxml/schema/MARC21slim.xsd"
    xmlns="http://www.loc.gov/MARC21/slim">

  <leader>01647nam a2200217Ia 4500</leader>
  <controlfield tag="003">IT-RoPAU</controlfield>
  <controlfield tag="005">20220918175750.0</controlfield>
  <controlfield tag="008">120407s9999    xx            000 0 und d</controlfield>
  <datafield tag="040" ind1=" " ind2=" ">
    <subfield code="a">IT-RoPAU</subfield>
    <subfield code="c">20140510091011.0</subfield>
  </datafield>
  <datafield tag="040" ind1=" " ind2=" ">
    <subfield code="c">IT-RoPAU</subfield>
  </datafield>
  <datafield tag="041" ind1=" " ind2=" ">
    <subfield code="a">ita</subfield>
  </datafield>
  <datafield tag="100" ind1=" " ind2=" ">
    <subfield code="a">Pie Discepole del Divin Maestro</subfield>
    <subfield code="9">24397</subfield>
  </datafield>
  <datafield tag="245" ind1=" " ind2=" ">
    <subfield code="a">La nostra regola di vita.</subfield>
    <subfield code="b">3. Vocazione e missione.</subfield>
  </datafield>
  <datafield tag="260" ind1=" " ind2=" ">
    <subfield code="c">1989</subfield>
    <subfield code="a">Roma</subfield>
    <subfield code="b">Casa Generalizia PDDM</subfield>
  </datafield>
  <datafield tag="300" ind1=" " ind2=" ">
    <subfield code="a">214 p.</subfield>
    <subfield code="c">21 cm</subfield>
  </datafield>
  <datafield tag="490" ind1=" " ind2=" ">
    <subfield code="v">Vol. n. 10</subfield>
    <subfield code="a">PDDM</subfield>
  </datafield>
  <datafield tag="500" ind1=" " ind2=" ">
    <subfield code="a">Uso manoscritto</subfield>
  </datafield>
  <datafield tag="520" ind1=" " ind2=" ">
    <subfield code="a">Indice

Presentazione
Fonti

Art. 1 - Il nostro carisma nella storia
Art. 2 - Il fine della consacrazione religiosa
Art. 3  - Ges&#xF9; Maestro centro e fondamento
Art. 4 - La nostra identit&#xE0; carismatica
Art. 5 - Identit&#xE0; della Pia Discepola nella Famiglia Paolina
Art. 6 - Appartenza alla Famiglia Paolina
Art. 7 - Missione fondamentale e vitale
Art. 8 - Unit&#xE0; della Famiglia Paolina
Art. 9 - In Cristo con Maria e S. Paolo
Art. 10 - Dimensione contemplativo-apostolica
Art. 11 - Ges&#xF9; Maestro Via - Verit&#xE0; - Vita
Art. 12 - Come Maria
Art. 13 - Il Rosario
Art. 14 - Nello Spirito dell'Apostolo Paolo
Art. 15 - La preghiera cristiana
Art. 16 - Ges&#xF9; Maestro di preghiera e l'intercessione di Maria Santissima
Art. 17 - Il nutrimento della Parola di Dio
Art. 18 - Unite a Ges&#xF9; Maestro Eucaristico
Art. 19 - La Liturgia delle Ore
Art. 20 - La Meditazione
Art. 21 - L'Adorazione Eucaristica
Art. 22 - L'esame di coscienza
Art. 23 - Celebriamo il giorno del Signore
Art. 24 - Il ritiro mensile
Art. 25 - Gli Esercizi Spirituali
Art. 26 - La predicazione alle nostre comunit&#xE0;

</subfield>
  </datafield>
  <datafield tag="942" ind1=" " ind2=" ">
    <subfield code="c">BK</subfield>
    <subfield code="2">ddc</subfield>
  </datafield>
  <datafield tag="999" ind1=" " ind2=" ">
    <subfield code="c">28953</subfield>
    <subfield code="d">28953</subfield>
  </datafield>
  <datafield tag="952" ind1=" " ind2=" ">
    <subfield code="0">0</subfield>
    <subfield code="1">0</subfield>
    <subfield code="2">ddc</subfield>
    <subfield code="4">0</subfield>
    <subfield code="6">P_D5</subfield>
    <subfield code="7">1</subfield>
    <subfield code="a">PAULUS</subfield>
    <subfield code="b">PAULUS</subfield>
    <subfield code="d">2012-04-11</subfield>
    <subfield code="l">0</subfield>
    <subfield code="o">P D5</subfield>
    <subfield code="r">2012-04-11 00:00:00</subfield>
    <subfield code="w">2012-04-11</subfield>
    <subfield code="y">BK</subfield>
  </datafield>
</record>
